Baby Names: 'A' Boy Names by Decade Quiz Stats

 Plays Quiz Updated May 2, 2018

Challenge
Share
Tweet
Embed
Score 0/130 Timer 08:00
15 Plays Today
Decade Name % Correct
1880sAndrew
88.2%
1890sAndrew
88.2%
1900sAndrew
88.2%
1910sAndrew
88.2%
1920sAndrew
88.2%
1930sAndrew
88.2%
1940sAndrew
88.2%
1950sAndrew
88.2%
1960sAndrew
88.2%
1970sAndrew
88.2%
1980sAndrew
88.2%
1990sAndrew
88.2%
2000sAndrew
88.2%
1880sAlex
79.4%
1900sAlex
79.4%
1910sAlex
79.4%
1980sAlex
79.4%
1990sAlex
79.4%
1880sAlexander
76%
1890sAlexander
76%
1900sAlexander
76%
1910sAlexander
76%
1920sAlexander
76%
1970sAlexander
76%
1980sAlexander
76%
1990sAlexander
76%
2000sAlexander
76%
1960sAdam
73.7%
1970sAdam
73.7%
1980sAdam
73.7%
1990sAdam
73.7%
2000sAdam
73.7%
1880sArthur
70.9%
1890sArthur
70.9%
1900sArthur
70.9%
1910sArthur
70.9%
1920sArthur
70.9%
1930sArthur
70.9%
1940sArthur
70.9%
1950sArthur
70.9%
1960sArthur
70.9%
1970sArthur
70.9%
1960sAaron
70.9%
1970sAaron
70.9%
Decade Name % Correct
1980sAaron
70.9%
1990sAaron
70.9%
2000sAaron
70.9%
1930sAlan
69%
1940sAlan
69%
1950sAlan
69%
1960sAlan
69%
1970sAlan
69%
1980sAlan
69%
1880sAnthony
68.3%
1890sAnthony
68.3%
1900sAnthony
68.3%
1910sAnthony
68.3%
1920sAnthony
68.3%
1930sAnthony
68.3%
1940sAnthony
68.3%
1950sAnthony
68.3%
1960sAnthony
68.3%
1970sAnthony
68.3%
1980sAnthony
68.3%
1990sAnthony
68.3%
2000sAnthony
68.3%
1880sAllen
65.2%
1890sAllen
65.2%
1900sAllen
65.2%
1910sAllen
65.2%
1920sAllen
65.2%
1930sAllen
65.2%
1940sAllen
65.2%
1950sAllen
65.2%
1960sAllen
65.2%
1970sAllen
65.2%
1880sAlbert
62.7%
1890sAlbert
62.7%
1900sAlbert
62.7%
1910sAlbert
62.7%
1920sAlbert
62.7%
1930sAlbert
62.7%
1940sAlbert
62.7%
1950sAlbert
62.7%
1960sAlbert
62.7%
1970sAlbert
62.7%
1880sAlfred
53.4%
1890sAlfred
53.4%
Decade Name % Correct
1900sAlfred
53.4%
1910sAlfred
53.4%
1920sAlfred
53.4%
1930sAlfred
53.4%
1940sAlfred
53.4%
1950sAlfred
53.4%
1960sAlfred
53.4%
1930sAllan
50.8%
1940sAllan
50.8%
1950sAllan
50.8%
2000sAiden
48.3%
1910sArnold
43.4%
1920sArnold
43.4%
1930sArnold
43.4%
1940sArnold
43.4%
1950sArnold
43.4%
1980sAustin
37.7%
1990sAustin
37.7%
2000sAustin
37.7%
2000sAidan
35.1%
1960sAntonio
34.6%
1970sAntonio
34.6%
1980sAntonio
34.6%
1990sAntonio
34.6%
1980sAdrian
34.5%
1990sAdrian
34.5%
2000sAdrian
34.5%
1890sAlvin
34.1%
1900sAlvin
34.1%
1910sAlvin
34.1%
1920sAlvin
34.1%
1930sAlvin
34.1%
1940sAlvin
34.1%
1950sAlvin
34.1%
1880sArchie
27.9%
1890sArchie
27.9%
1900sArchie
27.9%
1920sArchie
27.9%
1880sAugust
25.5%
1890sAugust
25.5%
2000sAngel
23.9%
1990sAngel
23.9%

You're not logged in!

Compare scores with friends on all Sporcle quizzes.
OR
Log In

You Might Also Like...

Show Comments

Extras

Top Quizzes Today


Score Distribution

Your Account Isn't Verified!

In order to create a playlist on Sporcle, you need to verify the email address you used during registration. Go to your Sporcle Settings to finish the process.

Report this User

Report this user for behavior that violates our Community Guidelines.

Details: